[Event "45th Sparkassen Open"]
[Site "Dortmund GER"]
[Date "2017.07.19"]
[Round "5.17"]
[White "Boesel, Alexander"]
[Black "Hiller, Simon"]
[Result "1-0"]
[WhiteElo "1963"]
[BlackElo "2165"]
[WhiteFideId "4623185"]
[BlackFideId "24641308"]
[EventDate "2017.07.15"]

1. e4 c6 2. d4 d5 3. Nd2 dxe4 4. Nxe4 Bf5 5. Ng3 Bg6 6. h4 h6 7. Nf3 e6 8. h5
Bh7 9. Bd3 Bxd3 10. Qxd3 Nf6 11. Bd2 Be7 12. O-O-O O-O 13. Kb1 c5 14. Ne4 Nc6
15. Bc3 Nb4 16. Nxf6+ Bxf6 17. Bxb4 cxb4 18. Ne5 Qd5 19. f4 Rfd8 20. g4 Rd6 21.
g5 Bxe5 22. fxe5 Ra6 23. b3 Qa5 24. a4 b5 25. gxh6 bxa4 26. h7+ Kh8 27. h6 gxh6
28. Qf3 Qd8 29. Rdg1 1-0

[Event "45th Sparkassen Open"]
[Site "Dortmund GER"]
[Date "2017.07.19"]
[Round "5.18"]
[White "Meiser, Markus"]
[Black "Harringer, Manfred"]
[Result "1-0"]
[WhiteElo "2145"]
[BlackElo "1979"]
[WhiteFideId "4617827"]
[BlackFideId "12958336"]
[EventDate "2017.07.15"]

1. d4 Nf6 2. c4 e6 3. Nf3 b6 4. g3 Bb7 5. Bg2 Be7 6. Nc3 Ne4 7. Qc2 Nxc3 8. bxc3
d6 9. O-O Nd7 10. e4 O-O 11. Bf4 f5 12. exf5 exf5 13. Rfe1 Be4 14. Rxe4 fxe4 15.
Qxe4 Kh8 16. Qe6 Re8 17. Qd5 c6 18. Qxc6 Rc8 19. Qb5 Nf8 20. Bh3 Rc7 21. Re1 Ng6
22. Bxd6 Qxd6 23. Qxe8+ Bf8 24. Ne5 Qf6 25. Re3 Re7 26. Nxg6+ hxg6 27. Rxe7 Qxe7
28. Qxg6 1-0

[Event "45th Sparkassen Open"]
[Site "Dortmund GER"]
[Date "2017.07.19"]
[Round "5.19"]
[White "Runte, Moritz"]
[Black "Van Cappellen, Jonas"]
[Result "0-1"]
[WhiteElo "1862"]
[BlackElo "2141"]
[WhiteFideId "12991449"]
[BlackFideId "263796"]
[EventDate "2017.07.15"]

1. e4 c5 2. Nf3 e6 3. c4 Qc7 4. Nc3 a6 5. d3 d6 6. Be3 Nf6 7. g3 Be7 8. Bg2 b6
9. O-O Bb7 10. Qc2 O-O 11. Rae1 Nc6 12. h3 Rac8 13. Nh2 b5 14. cxb5 axb5 15. f4
b4 16. Nb1 Nd7 17. f5 Nde5 18. Qd1 Ba6 19. Qh5 Bxd3 20. f6 Bxf6 21. Rxf6 gxf6
22. Ng4 Nxg4 23. hxg4 Kh8 24. Kf2 Rg8 25. Rh1 Rg7 26. Bh6 Rcg8 27. g5 Qd8 28.
Nd2 fxg5 29. Nf3 f6 30. Bxg7+ Rxg7 31. Nh2 Ne5 32. Ng4 Nxg4+ 33. Qxg4 f5 34. Qh5
Qf6 35. Qe8+ Rg8 36. Qd7 Qd4+ 0-1

[Event "45th Sparkassen Open"]
[Site "Dortmund GER"]
[Date "2017.07.19"]
[Round "5.20"]
[White "Ambartsumjan, Evgeny"]
[Black "Kartsev, Nikolaj"]
[Result "0-1"]
[WhiteElo "2122"]
[BlackElo "1827"]
[WhiteFideId "34140643"]
[BlackFideId "12939536"]
[EventDate "2017.07.15"]

1. e4 c5 2. Nf3 d6 3. d4 cxd4 4. Nxd4 Nf6 5. Nc3 Nc6 6. Bg5 e6 7. Bb5 Bd7 8.
Bxc6 bxc6 9. Qf3 h6 10. Bh4 c5 11. Nb3 Rb8 12. O-O-O Be7 13. e5 dxe5 14. Bxf6
gxf6 15. Ne4 Qc7 16. Nxf6+ Bxf6 17. Qxf6 Rg8 18. Nd2 Rg6 19. Qh4 Rb4 20. Qh5 Qb7
21. Qxe5 Rxg2 22. Nb3 Rg5 23. Qh8+ Ke7 24. Qxh6 Rf5 25. a3 Rc4 26. Qe3 Ba4 27.
Kb1 Bxb3 28. cxb3 Qe4+ 29. Rd3 Qxh1+ 30. Ka2 Rc1 31. b4 Rd5 32. Rc3 Ra1+ 33. Kb3
Qd1+ 34. Kc4 Qf1+ 35. Kb3 Qd1+ 36. Kc4 Qd4+ 37. Kb3 c4+ 38. Ka4 Qd1+ 39. b3
Rxa3+ 0-1

[Event "45th Sparkassen Open"]
[Site "Dortmund GER"]
[Date "2017.07.19"]
[Round "5.21"]
[White "Fuhlrott, Tim"]
[Black "Althoff, Ralph"]
[Result "1/2-1/2"]
[WhiteElo "1856"]
[BlackElo "2071"]
[WhiteFideId "16222431"]
[BlackFideId "4623177"]
[EventDate "2017.07.15"]

1. c4 e6 2. g3 d5 3. Bg2 Nf6 4. Nf3 Bd6 5. O-O O-O 6. b3 c5 7. e3 Nc6 8. Bb2 b6
9. Nc3 Bb7 10. Qe2 Re8 11. Rfd1 d4 12. exd4 Nxd4 13. Nxd4 Bxg2 14. Kxg2 cxd4 15.
Ne4 e5 16. Rf1 Nxe4 17. Qxe4 Qg5 18. Rad1 Rad8 19. Bc1 Qe7 20. d3 Qe6 21. f4
exf4 22. Qxe6 Rxe6 23. Bxf4 Bxf4 24. Rxf4 Re2+ 25. Rf2 Rde8 26. Kf1 R2e3 27. Rf4
Re2 28. Rf2 R2e3 29. Rf4 g5 30. Rxd4 f5 31. Rd2 Re1+ 32. Kg2 Ra1 33. Rd5 Ree1
34. Rxf5 h6 35. Rdf2 g4 36. Rf1 Rxa2+ 37. R5f2 Ree2 38. Rxe2 Rxe2+ 39. Rf2 Re3
40. Rd2 Kf7 41. b4 Ke6 42. Kf2 Rf3+ 43. Ke2 b5 44. c5 Kd5 45. Ra2 Kd4 46. Rxa7
Re3+ 47. Kf2 Rf3+ 48. Ke2 Re3+ 49. Kf2 Rf3+ 50. Kg2 Kxd3 51. Rd7+ Kc4 52. h3 Rc3
53. hxg4 Kxb4 54. Rh7 Rxc5 55. Rxh6 Kc4 56. Kf3 b4 57. Kf4 b3 58. g5 b2 59. Rh1
Kd5 60. Rb1 Ke6 61. Rxb2 Rc4+ 62. Kf3 Kf5 63. Rb5+ Kg6 64. Re5 Ra4 65. Re4 Rxe4
66. Kxe4 Kxg5 67. Kf3 Kf5 68. g4+ Kg5 69. Kg3 Kg6 70. Kf4 Kf6 71. g5+ Kg6 72.
Kg4 Kg7 73. Kf5 Kf7 74. g6+ Kg7 75. Kg5 Kg8 1/2-1/2

[Event "45th Sparkassen Open"]
[Site "Dortmund GER"]
[Date "2017.07.19"]
[Round "5.22"]
[White "Sandten, Ulrich"]
[Black "Groneberg, Joerg"]
[Result "0-1"]
[WhiteElo "2064"]
[BlackElo "1973"]
[WhiteFideId "4644930"]
[BlackFideId "12941638"]
[EventDate "2017.07.15"]

1. e4 c5 2. d3 e6 3. f4 d5 4. Nd2 Nc6 5. Ngf3 Qc7 6. Be2 Qxf4 7. O-O Nf6 8. Qe1
Qc7 9. c3 Be7 10. Bd1 dxe4 11. dxe4 O-O 12. Bc2 b6 13. e5 Nd7 14. Qe4 f5 15.
exf6 Nxf6 16. Qh4 g6 17. Ne4 Nd5 18. Neg5 Bf6 19. Qe4 Ne5 20. Bd2 Nxf3+ 21. Rxf3
Qe7 22. h4 Bb7 23. Qxe6+ Qxe6 24. Nxe6 Rfe8 25. Nc7 Nxc7 26. Rxf6 Re2 27. Bb3+
Bd5 28. Rf2 Rae8 29. Bc2 Bc4 30. Raf1 Bxa2 31. b3 Rxf2 32. Rxf2 c4 33. b4 Bb3
34. Bb1 a5 35. bxa5 bxa5 36. h5 Kg7 37. h6+ Kg8 38. Kh2 a4 39. Bc1 Nb5 40. Rf6
Re1 41. Bg5 Rxb1 42. Rb6 a3 43. Rb8+ Kf7 44. Rb7+ Ke6 45. Rxh7 a2 46. Re7+ Kf5
47. h7 a1=Q 48. Re5+ Kg4 49. Re4+ Kxg5 50. Re5+ Kf4 51. g3+ Kf3 0-1

[Event "45th Sparkassen Open"]
[Site "Dortmund GER"]
[Date "2017.07.19"]
[Round "5.23"]
[White "Koellner, Christof"]
[Black "Biermann, Lenhard"]
[Result "1-0"]
[WhiteElo "2131"]
[BlackElo "1902"]
[WhiteFideId "4635787"]
[BlackFideId "12970077"]
[EventDate "2017.07.15"]

1. d4 e6 2. Bf4 c5 3. e3 Nf6 4. Nd2 Be7 5. Bd3 O-O 6. Ngf3 b6 7. Qe2 Bb7 8. c3
Nc6 9. a3 Nd5 10. Bg3 cxd4 11. cxd4 f5 12. e4 fxe4 13. Qxe4 g6 14. h4 Nf6 15.
Qf4 Nh5 16. Qg4 Nf6 17. Qh3 Qe8 18. O-O-O b5 19. h5 Nxh5 20. Bxb5 Rf5 21. Bd3
Ra5 22. Nc4 Ra4 23. Kb1 Na5 24. Nxa5 Rxa5 25. Bc7 Rf5 26. Bxf5 exf5 27. d5 Rc8
28. Be5 Rc4 29. Nd2 Rh4 30. Qb3 Rxh1 31. Rxh1 Bc5 32. Nf3 Qa8 33. d6+ Bd5 34.
Qc3 Be4+ 35. Ka1 Qd5 36. Rc1 Bxd6 37. Qc8+ Bf8 38. Qb8 a6 39. Ne1 d6 40. Bh2 f4
41. Qc8 a5 42. f3 Bf5 43. Qc4 Qxc4 44. Rxc4 Be7 45. Rd4 Kf7 46. Ka2 Bh4 47. Rd1
Be6+ 48. Kb1 Bf2 49. Nc2 Bc5 50. b4 axb4 51. axb4 Bf2 52. Rxd6 g5 53. Kb2 Nf6
54. Rd1 Bb6 55. Bg1 Bc7 56. Bd4 Nd5 57. Ra1 g4 58. b5 h5 59. Ra7 Kg6 60. Ra6 Kf5
61. b6 gxf3 62. gxf3 Bc8 63. Ra5 1-0

[Event "45th Sparkassen Open"]
[Site "Dortmund GER"]
[Date "2017.07.19"]
[Round "5.24"]
[White "Kasueschke, Lars"]
[Black "Kartsev, Soel"]
[Result "1/2-1/2"]
[WhiteElo "1916"]
[BlackElo "2220"]
[WhiteFideId "12939510"]
[BlackFideId "4130561"]
[EventDate "2017.07.15"]

1. b3 e5 2. Bb2 Nc6 3. e3 g6 4. Bb5 Bg7 5. Nf3 Nge7 6. O-O O-O 7. d4 e4 8. Nfd2
d5 9. c4 Re8 10. Nc3 Bf5 11. Qb1 a6 12. Ba4 Qd6 13. Qc1 Rac8 14. Ba3 Qd8 15.
Bxe7 Rxe7 16. Nxd5 Rd7 17. Nc3 b5 18. cxb5 Nxd4 19. exd4 Rxd4 20. Nc4 Rd3 21.
Ne2 axb5 22. Bxb5 c6 23. Ba6 Ra8 24. Bb7 Ra7 25. Bxc6 Qc7 26. Nb2 Rd6 27. Ba4
Qxc1 28. Raxc1 Bxb2 29. Rc2 Bf6 30. Ng3 Bd4 31. Rc4 Be6 32. Rb4 f5 33. Kh1 Bf6
34. Rb8+ Kg7 35. Ne2 g5 36. Ng3 Kh6 37. Rf8 Kg7 38. Re8 Kf7 39. Rb8 Rd5 40. h4
h6 41. Bc6 Rd6 42. Be8+ Ke7 43. Bg6 Rd5 44. a4 gxh4 45. Nh5 Be5 46. Re8+ Kd7 47.
Rf8 Rd3 48. Bxf5 Ke7 49. Bxe4 Rxb3 50. Rf3 Rxa4 51. Rxb3 Bxb3 52. Re1 Kd6 53. f4
Bc3 54. Re3 Bf7 55. Rxc3 Rxe4 56. Nf6 Rxf4 57. Rf3 Rxf3 58. gxf3 Ke5 59. Ng4+
Kf4 60. Nxh6 Be6 61. Kh2 Kxf3 62. Nf7 1/2-1/2

[Event "45th Sparkassen Open"]
[Site "Dortmund GER"]
[Date "2017.07.19"]
[Round "5.25"]
[White "Wastian, Jan"]
[Black "Wuebker, Paul-Luca"]
[Result "0-1"]
[WhiteElo "1878"]
[BlackElo "2042"]
[WhiteFideId "12911640"]
[BlackFideId "12939528"]
[EventDate "2017.07.15"]

1. e4 c5 2. c3 Nf6 3. e5 Nd5 4. d4 cxd4 5. Nf3 e6 6. cxd4 d6 7. Bc4 Nc6 8. O-O
Be7 9. Na3 O-O 10. Bd3 a5 11. b3 b6 12. Qc2 Qc7 13. Bxh7+ Kh8 14. Bd3 dxe5 15.
dxe5 Nxe5 16. Nxe5 Qxe5 17. Bb2 Qg5 18. Rfe1 Bb7 19. Re5 Qh6 20. Bc1 Nf4 21.
Bxf4 g5 22. Re3 Bf6 23. Rh3 Qxh3 24. gxh3 gxf4 25. Qe2 Rg8+ 26. Kf1 Bxa1 27.
Qh5+ Kg7 28. Qg5+ Kf8 29. Qxf4 Rd8 30. Ke2 Ke7 31. Qc7+ Rd7 32. Qxb6 Rg5 33. Qe3
Re5 0-1

[Event "45th Sparkassen Open"]
[Site "Dortmund GER"]
[Date "2017.07.19"]
[Round "5.26"]
[White "Lewin, Tammo"]
[Black "Boecker, Juergen"]
[Result "1/2-1/2"]
[WhiteElo "2040"]
[BlackElo "1930"]
[WhiteFideId "4668596"]
[BlackFideId "12915904"]
[EventDate "2017.07.15"]

1. d4 Nf6 2. c4 g6 3. Nc3 Bg7 4. e4 d6 5. f3 O-O 6. Be3 Nc6 7. Nge2 a6 8. Qd2 b5
9. cxb5 axb5 10. Nxb5 Ba6 11. Nbc3 e5 12. d5 Nd4 13. Nxd4 exd4 14. Bxd4 Bxf1 15.
Rxf1 Re8 16. Kf2 Qd7 17. Kg1 h5 18. a4 h4 19. h3 Nh5 20. Bxg7 Kxg7 21. Nb5 Ng3
22. Rfc1 Rxa4 23. Rxa4 Qxb5 24. Rac4 Re5 25. Kh2 Qxc4 26. Qf4 Qd4 27. Rxc7 Nf1+
28. Kh1 Ng3+ 1/2-1/2

[Event "45th Sparkassen Open"]
[Site "Dortmund GER"]
[Date "2017.07.19"]
[Round "5.27"]
[White "Dannehr, Juergen"]
[Black "Maniocha, Marek"]
[Result "1/2-1/2"]
[WhiteElo "1845"]
[BlackElo "1996"]
[WhiteFideId "16211758"]
[BlackFideId "4636821"]
[EventDate "2017.07.15"]

1. c4 c5 2. Nc3 Nc6 3. Nf3 e5 4. g3 Nf6 5. Bg2 Be7 6. O-O d6 7. d3 O-O 8. a3 h6
9. Rb1 a5 10. Bd2 Be6 11. e4 Qd7 12. Nd5 Bd8 13. Ne1 Nd4 14. b4 axb4 15. axb4 b6
16. Nc2 Nxd5 17. Nxd4 1/2-1/2

[Event "45th Sparkassen Open"]
[Site "Dortmund GER"]
[Date "2017.07.19"]
[Round "5.28"]
[White "Garbuz, Vitaliy"]
[Black "Schmitz, Edgar"]
[Result "1-0"]
[WhiteElo "1989"]
[BlackElo "1909"]
[WhiteFideId "12990710"]
[BlackFideId "24675270"]
[EventDate "2017.07.15"]

1. e4 c5 2. d4 cxd4 3. c3 d5 4. exd5 Qxd5 5. cxd4 Nc6 6. Nf3 Bg4 7. Nc3 Bxf3 8.
gxf3 Qa5 9. d5 O-O-O 10. Bd2 Nb4 11. Rc1 Kb8 12. Bc4 e6 13. a3 Qc7 14. Be2 Na6
15. O-O Bd6 16. h3 Qe7 17. Bxa6 bxa6 18. Qa4 Qb7 19. Ne4 e5 20. Rc6 Bc7 21. Nc5 1-0

[Event "45th Sparkassen Open"]
[Site "Dortmund GER"]
[Date "2017.07.19"]
[Round "5.29"]
[White "Oezen, Alf"]
[Black "Stevens, Titus"]
[Result "0-1"]
[WhiteElo "1981"]
[BlackElo "1841"]
[WhiteFideId "12985430"]
[BlackFideId "16214331"]
[EventDate "2017.07.15"]

1. e4 c5 2. Nf3 Nc6 3. d3 g6 4. g3 Bg7 5. Bg2 Nf6 6. O-O O-O 7. c3 d5 8. e5 Nd7
9. d4 e6 10. Bf4 f6 11. Bh3 Qe7 12. Re1 fxe5 13. dxe5 h6 14. Qd3 g5 15. Qg6 gxf4
16. Bxe6+ Kh8 17. Bf5 Rxf5 18. Qxf5 Ndxe5 19. Qxf4 Nxf3+ 0-1

[Event "45th Sparkassen Open"]
[Site "Dortmund GER"]
[Date "2017.07.19"]
[Round "5.30"]
[White "Hartung, Thomas2"]
[Black "Delere, Adrian"]
[Result "1/2-1/2"]
[WhiteElo "1979"]
[BlackElo "1805"]
[WhiteFideId "4639146"]
[BlackFideId "12990400"]
[EventDate "2017.07.15"]

1. e4 e5 2. Nf3 Nc6 3. Bb5 f5 4. d4 fxe4 5. Nxe5 Nxe5 6. dxe5 c6 7. Bc4 Qa5+ 8.
Nc3 Qxe5 9. Be3 d5 10. Bb3 Nf6 11. Qd2 Bd6 12. O-O-O Bf5 13. Bd4 Qf4 14. Be3 Qe5
15. Bd4 Qf4 16. Be3 Qe5 1/2-1/2

[Event "45th Sparkassen Open"]
[Site "Dortmund GER"]
[Date "2017.07.19"]
[Round "5.31"]
[White "Jacobi, Niklas"]
[Black "Mittelbachert, Ulrich"]
[Result "1/2-1/2"]
[WhiteElo "1933"]
[BlackElo "1978"]
[WhiteFideId "16244079"]
[BlackFideId "4634470"]
[EventDate "2017.07.15"]

1. e4 c6 2. d4 d5 3. e5 Bf5 4. Bd3 Bxd3 5. Qxd3 e6 6. Ne2 Qa5+ 7. c3 Qa6 8. Qxa6
Nxa6 9. O-O h5 10. Nd2 Ne7 11. b4 Nc7 12. a4 Nf5 13. Nf3 Be7 14. Nf4 g6 15. Nd3
b6 16. Bg5 h4 17. Rfb1 b5 18. Bxe7 Kxe7 19. Nc5 Rhb8 20. a5 Rg8 21. h3 g5 22.
Nh2 1/2-1/2

[Event "45th Sparkassen Open"]
[Site "Dortmund GER"]
[Date "2017.07.19"]
[Round "5.32"]
[White "Schuelke, Tilman"]
[Black "Steinle, Carsten"]
[Result "1-0"]
[WhiteElo "1973"]
[BlackElo "2237"]
[WhiteFideId "4647475"]
[BlackFideId "24676462"]
[EventDate "2017.07.15"]

1. d4 Nf6 2. c3 b6 3. Bf4 Bb7 4. h3 c5 5. e3 g6 6. Nf3 Bg7 7. Be2 O-O 8. O-O d6
9. a4 a6 10. Nbd2 Nbd7 11. Bh2 Qc7 12. Ne1 Rab8 13. Nc2 Rfe8 14. Na3 Rbd8 15.
Rc1 Nf8 16. b4 Ne6 17. b5 a5 18. Bf3 Ng5 19. Bxb7 Qxb7 20. Nf3 Nge4 21. Qd3 Rc8
22. Rfd1 Rc7 23. Nd2 Nxd2 24. Qxd2 cxd4 25. exd4 Ne4 26. Qd3 Rec8 27. c4 e5 28.
Re1 f5 29. f3 Ng5 30. c5 bxc5 31. dxe5 d5 32. Rcd1 Ne6 33. Qxd5 Qxd5 34. Rxd5 c4
35. Rc1 Bh6 36. Rcd1 Be3+ 37. Kf1 Kg7 38. Bg1 Bxg1 39. Kxg1 Nf4 40. Rd6 Ne2+ 41.
Kf2 Nc3 42. R1d4 Nxa4 43. b6 Re7 44. Nxc4 Nc3 45. Rd8 Rc6 46. Nd6 Rxd6 47. R4xd6
Na4 48. Ra8 Nc5 49. Rxa5 Nb7 50. Ra7 1-0

[Event "45th Sparkassen Open"]
[Site "Dortmund GER"]
[Date "2017.07.19"]
[Round "5.33"]
[White "Buechle, Manfred"]
[Black "Seref, Serkan"]
[Result "1-0"]
[WhiteElo "2118"]
[BlackElo "1910"]
[WhiteFideId "4659368"]
[BlackFideId "16205561"]
[EventDate "2017.07.15"]

1. e4 c5 2. Nf3 d6 3. d4 cxd4 4. Nxd4 Nc6 5. Nxc6 bxc6 6. Bd3 Nf6 7. O-O Qc7 8.
Be3 Rb8 9. b3 d5 10. Nd2 e5 11. Bg5 Be7 12. f4 Bc5+ 13. Kh1 Ng4 14. Qf3 f6 15.
Bh4 exf4 16. exd5 O-O 17. Ne4 cxd5 18. Nxc5 Qxc5 19. Qxf4 Rb4 20. Qd2 Nxh2 21.
Rf4 Rxf4 22. Qxf4 Ng4 23. Be1 d4 24. Rd1 Qh5+ 25. Kg1 Re8 26. Bg3 Ne5 27. Rd2
Nxd3 28. Rxd3 Qc5 29. Qd2 Bg4 30. Qf4 Qxc2 31. Qxd4 Qc1+ 32. Kh2 Bf5 33. Rd1
Qh6+ 34. Kg1 Qg5 35. Re1 Rc8 36. Qd5+ Kh8 37. Bf2 a6 38. Qc6 h5 39. Qxa6 h4 40.
Qb7 Rc2 41. a4 Rc3 42. Re8+ Kh7 43. Qb8 Rc1+ 44. Kh2 Kg6 45. Rh8 Be6 46. Rxh4
Rc2 47. Qe8+ Bf7 48. Qe4+ f5 49. Qxc2 Bd5 50. Bg3 Be4 51. Qc8 Qe7 52. Qa6+ Kg5
53. Qf1 Qb7 54. Qf4+ Kg6 55. Qd6+ Kg5 56. Qd2+ Kf6 57. b4 Kf7 58. b5 Kf6 59.
Qd4+ Kf7 60. Qf2 Kf6 61. b6 g5 62. Rh8 f4 63. Bxf4 gxf4 64. Qxf4+ 1-0

[Event "45th Sparkassen Open"]
[Site "Dortmund GER"]
[Date "2017.07.19"]
[Round "5.34"]
[White "Klueting, Reiner"]
[Black "Gramb, Marius"]
[Result "1/2-1/2"]
[WhiteElo "1907"]
[BlackElo "2110"]
[WhiteFideId "4644760"]
[BlackFideId "24656593"]
[EventDate "2017.07.15"]

1. e4 c5 2. Nf3 d6 3. Bb5+ Nd7 4. d4 cxd4 5. Qxd4 a6 6. Bxd7+ Bxd7 7. c4 Nf6 8.
Nc3 e5 9. Qd3 Rc8 10. Bd2 Qc7 11. b3 Bc6 12. O-O Be7 13. Rac1 O-O 14. Nd5 Bxd5
15. cxd5 Qd7 16. Bg5 Nh5 17. Bxe7 Qxe7 18. g3 h6 19. Rc4 Qd7 20. Rfc1 Rxc4 21.
Rxc4 Rc8 22. Nd2 b5 23. Rc3 Nf6 24. Kg2 Ne8 25. Qc2 Rxc3 26. Qxc3 Qc7 27. Qxc7
Nxc7 28. f3 Kf8 29. b4 Na8 30. Kf2 Nb6 31. Ke3 Ke7 32. Kd3 f5 33. f4 exf4 34.
gxf4 fxe4+ 35. Kxe4 Kf6 36. Nb1 Na4 37. a3 Kg6 38. h3 Nb6 39. Nc3 Nd7 40. Kf3
Nf6 41. Kg3 Kf5 42. Kf3 Kg6 43. Kg3 Kh5 44. h4 Kg6 45. Kf3 Kf5 46. Ne2 Nxd5 47.
Nd4+ Kf6 48. Ke4 Nc7 49. f5 d5+ 50. Kf4 Ne8 51. Nb3 Nd6 52. Nc5 Nxf5 53. Nxa6
Nd6 54. Nc7 d4 55. Nd5+ Ke6 56. Nc7+ Kd7 57. Nd5 Kc6 58. Ne7+ Kd7 59. Nd5 Nc4
60. Ke4 Nxa3 61. Kxd4 Kd6 62. Ne3 Ke6 63. Kc5 Ke5 64. Nd5 Kf5 65. Nc3 Kg4 66.
Nxb5 Nc2 67. Nd4 Na3 68. b5 Nxb5 69. Kxb5 g6 70. Kc4 Kxh4 71. Nf3+ Kh3 72. Ne5
g5 73. Kd3 h5 74. Ke2 Kg2 75. Nf3 g4 76. Nh4+ Kh3 77. Ng6 g3 78. Kf3 h4 79. Nxh4
Kxh4 80. Kg2 Kg4 81. Kg1 Kf4 82. Kg2 Kg4 83. Kg1 Kf3 84. Kf1 Ke3 85. Kg2 Kf4 86.
Kg1 Kg4 87. Kg2 Kh4 88. Kg1 Kh3 89. Kh1 g2+ 90. Kg1 Kg3 1/2-1/2

[Event "45th Sparkassen Open"]
[Site "Dortmund GER"]
[Date "2017.07.19"]
[Round "5.35"]
[White "Nasoyan, Maksim"]
[Black "Ciornei, Dragos"]
[Result "0-1"]
[WhiteElo "1860"]
[BlackElo "2118"]
[WhiteFideId "16220331"]
[BlackFideId "4619200"]
[EventDate "2017.07.15"]

1. e4 e5 2. Nf3 Nc6 3. Bc4 Nf6 4. d4 exd4 5. O-O Nxe4 6. Re1 d5 7. Bxd5 Qxd5 8.
Nc3 Qh5 9. Rxe4+ Be6 10. Rh4 Qa5 11. Nxd4 O-O-O 12. Be3 Be7 13. Nxc6 Rxd1+ 14.
Rxd1 bxc6 15. Ra4 Qf5 16. Rxa7 Kb8 17. Ra4 Rd8 18. Ba7+ Kb7 19. Bd4 c5 0-1

[Event "45th Sparkassen Open"]
[Site "Dortmund GER"]
[Date "2017.07.19"]
[Round "5.36"]
[White "Kagan, Dennis"]
[Black "Borchert, Louis"]
[Result "0-1"]
[WhiteElo "1902"]
[BlackElo "1996"]
[WhiteFideId "12983578"]
[BlackFideId "12990680"]
[EventDate "2017.07.15"]

1. e4 e5 2. Nf3 Nc6 3. Bc4 Bc5 4. c3 Nf6 5. d3 a6 6. Nbd2 d6 7. Bb3 O-O 8. h3
Qe7 9. Nf1 Be6 10. Ng3 d5 11. O-O dxe4 12. dxe4 Rad8 13. Qe2 Bxb3 14. axb3 Rd7
15. b4 Bb6 16. Bg5 Qe6 17. Nf5 Ne7 18. Rad1 Rfd8 19. Rxd7 Rxd7 20. Rd1 Nxf5 21.
exf5 Qxf5 22. Re1 Re7 23. Qd2 h6 24. Bxf6 Qxf6 25. Qd8+ Kh7 26. Qd5 c6 27. Qe4+
Qg6 28. Qh4 f6 29. Nxe5 Rxe5 0-1

[Event "45th Sparkassen Open"]
[Site "Dortmund GER"]
[Date "2017.07.19"]
[Round "5.37"]
[White "Seref, Erdogan"]
[Black "Nguyen, Lucas"]
[Result "0-1"]
[WhiteElo "1835"]
[BlackElo "1934"]
[WhiteFideId "16206827"]
[BlackFideId "1049640"]
[EventDate "2017.07.15"]

1. e4 c5 2. Nf3 Nc6 3. Bb5 g6 4. Bxc6 bxc6 5. O-O Bg7 6. c3 d6 7. h3 e5 8. Re1
Ne7 9. Na3 O-O 10. Nc4 Ba6 11. Qa4 Bb5 12. Qb3 Rb8 13. a4 Ba6 14. Qa2 Qc7 15.
Rb1 d5 16. exd5 Bxc4 17. Qxc4 cxd5 18. Qe2 Nc6 19. d3 Rb3 20. Qc2 Rfb8 21. Be3
d4 22. Nd2 R3b7 23. Bg5 f6 24. Bh4 Ne7 25. Ne4 Nd5 26. c4 Nb4 27. Qe2 Rb6 28.
Kh1 Na6 29. Qc2 f5 30. Nd2 Nb4 31. Qb3 Qb7 32. a5 Ra6 33. Ra1 Qc7 34. Nf3 Rxa5
35. Rxa5 Qxa5 36. Nxe5 Nc6 37. Nxc6 Qxe1+ 0-1

[Event "45th Sparkassen Open"]
[Site "Dortmund GER"]
[Date "2017.07.19"]
[Round "5.38"]
[White "Dyballa, Gerhard"]
[Black "Biermann, Florian"]
[Result "0-1"]
[WhiteElo "1957"]
[BlackElo "1939"]
[WhiteFideId "4645189"]
[BlackFideId "12970069"]
[EventDate "2017.07.15"]

1. c4 g6 2. Nc3 Bg7 3. g3 c5 4. Bg2 Nc6 5. Nf3 e6 6. O-O Nge7 7. e3 O-O 8. d4 d6
9. d5 Na5 10. Qe2 a6 11. e4 Rb8 12. e5 Re8 13. Bf4 Nf5 14. Qd3 b5 15. exd6 e5
16. Bg5 f6 17. Be3 Nxc4 18. Qe2 Nfxd6 19. Bxc5 Bg4 20. h3 Bxf3 21. Bxf3 e4 22.
Bg2 f5 23. Rac1 Qd7 24. b3 Ne5 25. Be3 Nd3 26. Rc2 Rbc8 27. Nb1 Qb7 28. Rxc8
Rxc8 29. f3 Qxd5 30. fxe4 fxe4 31. Rd1 Nf5 32. Bf4 Nxf4 33. gxf4 Qc5+ 34. Kh2 e3
35. Rd5 Qc1 36. Qd3 e2 37. Qxe2 Qxf4+ 38. Kg1 Rc1+ 39. Rd1 Bd4+ 0-1

[Event "45th Sparkassen Open"]
[Site "Dortmund GER"]
[Date "2017.07.20"]
[Round "6.1"]
[White "Hausrath, Daniel"]
[Black "Guelsen, Taylan"]
[Result "1-0"]
[WhiteTitle "GM"]
[WhiteElo "2482"]
[BlackElo "2095"]
[WhiteFideId "4617495"]
[BlackFideId "24603635"]
[EventDate "2017.07.15"]

1. Nf3 Nf6 2. g3 b6 3. Bg2 Bb7 4. O-O c5 5. c4 g6 6. b3 Bg7 7. Bb2 O-O 8. Nc3 d6
9. d4 cxd4 10. Nxd4 Bxg2 11. Kxg2 Qc7 12. e3 Qb7+ 13. Qf3 Qxf3+ 14. Kxf3 Nbd7
15. Nc6 Ne5+ 16. Nxe5 dxe5 17. Rfd1 Rfd8 18. Ke2 e6 19. h3 Ne8 20. Rxd8 Rxd8 21.
Rd1 Rxd1 22. Kxd1 e4 23. Kc2 f5 24. Nb5 a6 25. Bxg7 Kxg7 26. Nc3 Nf6 27. Na4 Nd7
28. Kc3 Kf6 29. Kb4 Ke7 30. c5 b5 31. Nb6 Nb8 32. Ka5 Kd8 33. Na8 Kd7 34. Kb6 b4
35. Kb7 Nc6 36. Nb6+ 1-0

[Event "45th Sparkassen Open"]
[Site "Dortmund GER"]
[Date "2017.07.20"]
[Round "6.2"]
[White "Heider, Martin"]
[Black "Henrichs, Thomas"]
[Result "1/2-1/2"]
[BlackTitle "IM"]
[WhiteElo "2356"]
[BlackElo "2491"]
[WhiteFideId "24668389"]
[BlackFideId "4626605"]
[EventDate "2017.07.15"]

1. Nf3 g6 2. e4 Bg7 3. d4 d6 4. Bc4 Nf6 5. Qe2 O-O 6. O-O c6 7. Bb3 a5 8. a4 Bg4
9. Nbd2 Nbd7 10. h3 Bxf3 11. Nxf3 e5 12. dxe5 dxe5 13. Qc4 Nb6 14. Qe2 Nbd7 15.
Qc4 Nb6 16. Qe2 Nbd7 17. Qc4 1/2-1/2